Welcome to WEB OPAC of MRSPTU Central Library

Managerial accounting (Record no. 6423)

MARC details
000 -LEADER
fixed length control field 00457nam a2200181Ia 4500
008 - FIXED-LENGTH DATA ELEMENTS--GENERAL INFORMATION
fixed length control field 230711s9999||||xx |||||||||||||| ||und||
020 ## - INTERNATIONAL STANDARD BOOK NUMBER
International Standard Book Number 978-81-265-6288-6
041 ## - LANGUAGE CODE
Language code of text/sound track or separate title ENG
082 ## - DEWEY DECIMAL CLASSIFICATION NUMBER
Classification number 658.15
Item number BA-M
100 ## - MAIN ENTRY--PERSONAL NAME
Personal name Balakrishnan,Ramji
245 #0 - TITLE STATEMENT
Title Managerial accounting
250 ## - EDITION STATEMENT
Edition statement 2nd Ed.
260 ## - PUBLICATION, DISTRIBUTION, ETC.
Date of publication, distribution, etc. 2012
Place of publication, distribution, etc. New Delhi
Name of publisher, distributor, etc. Wiley India Pvt.Ltd
300 ## - PHYSICAL DESCRIPTION
Extent 692p.
650 ## - SUBJECT ADDED ENTRY--TOPICAL TERM
Topical term or geographic name entry element UNIVESITY BUSNIESS SCHOOL
700 ## - ADDED ENTRY--PERSONAL NAME
Personal name Sivaramakrishnan,K
942 ## - ADDED ENTRY ELEMENTS (KOHA)
Koha item type Book
Holdings
Withdrawn status Lost status Damaged status Not for loan Collection Home library Current library Date acquired Source of acquisition Cost, normal purchase price Inventory number Total checkouts Full call number Barcode Date last seen Price effective from Koha item type Date last checked out
          MRSPTU Central Library MRSPTU Central Library   Krishna Book Distributors 949.00 KBD/2016-2017/960042808   658.15 BA-M 38285 08/17/2023 08/17/2023 Book  
          MRSPTU Central Library MRSPTU Central Library   Krishna Book Distributors 949.00 KBD/2016-2017/960042808   658.15 BA-M 38286 08/17/2023 08/17/2023 Book  
          MRSPTU Central Library MRSPTU Central Library   Krishna Book Distributors 949.00 KBD/2016-2017/960042808   658.15 BA-M 38287 08/17/2023 08/17/2023 Book  
          MRSPTU Central Library MRSPTU Central Library   Krishna Book Distributors 949.00 KBD/2016-2017/960042808 1 658.15 BA-M 38288 01/08/2026 08/17/2023 Book 12/18/2025
          MRSPTU Central Library MRSPTU Central Library   Krishna Book Distributors 949.00 KBD/2016-2017/960042808 1 658.15 BA-M 38289 01/08/2026 08/17/2023 Book 12/18/2025

Website Designed and Developed by MRSPTU Central Library Team

E-mail Id: librarian@mrsptu.ac.in